Los grandes descubrimientos / (Registro nro. 59628)

Detalles MARC
000 -CABECERA
Longitud fija campo de control 01787nam a2200373 4500
003 - • IDENTIFICADOR DELl NÚMERO DE CONTROL
Identificador del número de control CO-BoRNBP
005 - • FECHA Y HORA DE LA ÚLTIMA TRANSACCIÓN
Fecha y hora de la última transacción 20251024154325.0
007 - • CAMPO FIJO DE DESCRIPCIÓN FÍSICA
Campo fijo de descripción física ta
008 - • CÓDIGOS DE INFORMACIÓN DE LONGITUD FIJA
Códigos de información de longitud fija 250201s2025 ck a|||cr|||| 00| h spa d
020 ## - • NÚMERO INTERNACIONAL NORMALIZADO PARA LIBROS
Número Internacional Normalizado para Libros (ISBN) 9789583069529
040 ## - FUENTE DE LA CATALOGACIÓN
Centro catalogador de origen CO-BoRNBP
Lengua de catalogación spa
Normas de descripción rda
Centro transcriptor CO-BoRNBP
041 1# - • CÓDIGO DE LENGUA
Código de lengua original spa
Código de lengua del texto/banda sonora o título independiente fre
084 ## - • Clasificación Local Alfanúmerica PNLB
Número de clasificación H
100 ## - • PUNTO DE ACCESO PRINCIPAL-NOMBRE DE PERSONA
Nombre de persona Joly, Dominique
Fechas asociadas al nombre 1953-
Término indicativo de función aut
245 14 - • TITULO PROPIAMENTE DICHO
Título Los grandes descubrimientos /
Mención de responsabilidad, etc. Dominique Joly ; ilustraciones Emmanuel Olivier ; traducción del francés Jorge Eduardo Salgar :la historia del mundo en cómic.
250 ## - • MENCIÓN DE EDICIÓN
Mención de edición Edición especial
264 #1 - PRODUCCIÓN, PUBLICACIÓN , DISTRIBUCIÓN, FABRICACIÓN Y COPYRIGHT
Lugar de producción, publicación, distribución, fabricación Bogotá, Colombia :
Nombre del productor, editor, distribuidor, fabricante Panamericana,
Fecha de de producción, publicación, distribución, fabricación o copyright 2025
300 ## - • DESCRIPCIÓN FÍSICA
Extensión 47 páginas :
Otras características físicas ilustraciones a color
336 ## - TIPO DE CONTENIDO
Término de tipo de contenido texto
Código de tipo de contenido txt
Fuente rdacontenido
337 ## - TIPO DE MEDIO
Nombre del tipo de medio sin mediación
Código del tipo de medio n
Fuente rdamedio
338 ## - TIPO DE SOPORTE
Nombre del tipo de soporte volumen
Código del tipo de soporte nc
Fuente rdasoporte
520 ## - • NOTA DE RESUMEN
Resumen, etc, Un interesante libro en formato cómic que presenta la historia de los grandes descubrimientos de los navegantes europeos tras su arribo al continente americano. Los jóvenes lectores aprenderán mucho sobre este periodo histórico que supuso el encuentro entre dos mundos y que cambió para siempre el curso de la humanidad entera
521 ## - • NOTA DE PÚBLICO DESTINATARIO
Nota público destinatario (R ) Recomendado para un público mayor de 12 años
650 07 - • PUNTO DE ACCESO ADICIONAL DE MATERIA - TÉRMINO DE MATERIA
Término de materia o nombre geográfico como elemento inicial Depresión Momposina (Colombia)
Subdivisión de materia general Historia
Fuente del encabezamiento o término lemb
650 07 - • PUNTO DE ACCESO ADICIONAL DE MATERIA - TÉRMINO DE MATERIA
Término de materia o nombre geográfico como elemento inicial Descubrimientos geográficos
Subdivisión de forma Tiras cómicas, historietas, etc.
Fuente del encabezamiento o término lemb
650 07 - • PUNTO DE ACCESO ADICIONAL DE MATERIA - TÉRMINO DE MATERIA
Término de materia o nombre geográfico como elemento inicial Exploradores
Subdivisión de forma Tiras cómicas, historietas, etc.
Fuente del encabezamiento o término lemb
650 07 - • PUNTO DE ACCESO ADICIONAL DE MATERIA - TÉRMINO DE MATERIA
Término de materia o nombre geográfico como elemento inicial Literatura infantil
Subdivisión cronológica Siglo XX
Fuente del encabezamiento o término lemb
650 07 - • PUNTO DE ACCESO ADICIONAL DE MATERIA - TÉRMINO DE MATERIA
Término de materia o nombre geográfico como elemento inicial Tiras cómicas, historietas, etc
Subdivisión cronológica Siglo XX
Fuente del encabezamiento o término lemb
650 07 - • PUNTO DE ACCESO ADICIONAL DE MATERIA - TÉRMINO DE MATERIA
Término de materia o nombre geográfico como elemento inicial Viajes
Subdivisión de forma Tiras cómicas, historietas, etc.
Fuente del encabezamiento o término LEMB
700 ## - • PUNTO DE ACCESO ADICIONAL - NOMBRE DE PERSONA
Nombre de persona Olivier, Emmanuel
Término indicativo de función ill
700 ## - • PUNTO DE ACCESO ADICIONAL - NOMBRE DE PERSONA
Nombre de persona Salgar, Jorge Eduardo
Término indicativo de función trl
942 ## - ENTRADA DE ELEMENTOS AGREGADOS (KOHA)
Fuente de clasificaión o esquema
Koha [por defecto] tipo de item Literatura Infantil
Suppress in OPAC 0
Existencias
Perdido Fuente de clasificación o esquema Estado Físico No para préstamo Forma de adquisición Localización permanente Localización actual Localización en estanterías Fecha adquisición Préstamos totales Signatura completa Código de barras Fecha última consulta Número de copia Fecha del precio de reemplazo Tipo de item de Koha Fuente de adquisición Calificador de ubicación codificada Número de registro Fecha último préstamo
  Dewey Decimal Classification     Infantil Biblioteca Pública Lejanias Biblioteca Pública Lejanias Literatura 10/24/2025   H JOL4 LEJ01003 10/24/2025 Ej.1 10/24/2025 Literatura Infantil        
  Dewey Decimal Classification     Infantil Biblioteca Pública Puerto López - Jorge Eliecer Gaitán Biblioteca Pública Puerto López - Jorge Eliecer Gaitán Sala Infantil 03/11/2026 1 H PLZ01799 03/25/2026 Ej.1 03/11/2026 Literatura Infantil       03/11/2026
  Dewey Decimal Classification     Infantil Biblioteca Pública La Macarena Biblioteca Pública La Macarena Sala Infantil 11/06/2025   H JOL4 LM03640 11/06/2025 Ej.1 11/06/2025 Literatura Infantil        
  Dewey Decimal Classification     Infantil Biblioteca Pública Mapiripan Biblioteca Pública Mapiripan Sala Infantil 10/31/2025   H JOL4 MAP00004642 10/31/2025 Ej.1 10/31/2025 Literatura Infantil        
  Dewey Decimal Classification     Infantil Biblioteca Pública Mesetas - Franco lodo Poloxi Biblioteca Pública Mesetas - Franco lodo Poloxi Sala Infantil 02/17/2026   H JOL4 ME02379 02/17/2026 Ej.1 02/17/2026 Literatura Infantil        
  Dewey Decimal Classification     Infantil Biblioteca Pública Rural El Yarí- vereda Playa Rica La Macarena Biblioteca Pública Rural El Yarí- vereda Playa Rica La Macarena Sala Infantil 10/16/2025   H 9789583069529 11/11/2025 Ej.1 11/11/2025 Literatura Infantil BIBLIOTECA NACIONAL 9789583069529    
  Dewey Decimal Classification     Colección Depósito Legal del Meta Biblioteca Pública Vistahermosa Biblioteca Pública Vistahermosa General 11/30/2025   H JOL4 VIST 0002791 03/09/2026 Ej.1 03/09/2026 Literatura Infantil DONACION RED DE BIBLIOTECA   JOL4  









Instituto Departamental de Cultura del Meta - Red Departamental de Bibliotecas Públicas del Meta.